Sports Quiz

Random Sports or WWE Quiz

Triple Threat Tag Team Quiz Stats

 Plays Quiz not verified by Sporcle

Also try: AP All-Americans
Challenge
Share
Tweet
Score 0/100 Timer 15:00
0 Plays Today
% Correct
Ax
87.5%
Bubba Ray
84.4%
Hawk
82.8%
Kane
82.8%
Bradshaw
81.3%
Bret Hart
79.7%
Matt
79.7%
Rock
76.6%
Booker T
76.6%
Davey Boy Smith
75%
Randy Orton
73.4%
Afa
70.3%
Arn Anderson
70.3%
Marty Jannetty
70.3%
HHH
70.3%
Joey Mercury
70.3%
Eddie
70.3%
Brian Pillman
68.8%
Hulk Hogan
68.8%
Billy
68.8%
Scotty 2 Hotty
68.8%
Charlie Haas
68.8%
David Hart-Smith
68.8%
Rosey
67.2%
Scott Hall
65.6%
Test
64.1%
B.Brian Blair
64.1%
Mabel
62.5%
Brian Knobbs
62.5%
Chris Jericho
62.5%
Assassin I
60.9%
Luke Williams
60.9%
Haku
60.9%
Mosh
60.9%
% Correct
Robert Roode
60.9%
Rick
59.4%
Skip
59.4%
Billy
59.4%
Ryback
59.4%
Ricky Morton
56.3%
Chris Harris
56.3%
Viktor
56.3%
Terry
56.3%
Barbarian
54.7%
Crash
54.7%
HHH
54.7%
Kane
54.7%
Brutus Beefcake
53.1%
Ted Dibiase
53.1%
Mulligan
51.6%
Johnny Grunge
51.6%
Jay
51.6%
Brian Adams
50%
Chris Hero
48.4%
Mustafa Saed
46.9%
Barry Windham
46.9%
Rock (Ultimate Warrior)
46.9%
Marcus Alexander Bagwell
46.9%
Michael Hayes
45.3%
Honky Tonk Man
45.3%
Butch Reed
45.3%
Perry Saturn
45.3%
Davey Richards
45.3%
Stan Lane
43.8%
Primo
43.8%
Jack
42.2%
Adrian Adonis
40.6%
Michael Hayes
40.6%
% Correct
Hercules
40.6%
Fatu
39.1%
Ole Anderson
39.1%
Jay
39.1%
Rocky Johnson
39.1%
Dennis Condrey
37.5%
Stan Lane
37.5%
Rick Martel
35.9%
Greg Gagne
35.9%
Terry Gordy
34.4%
Nikita Koloff
34.4%
Claudio Castagnoli (Cesaro)
34.4%
Bobby Fulton
32.8%
Wayne Bloom
32.8%
Paul Diamond
32.8%
Rex
31.3%
Michael Hayes
31.3%
Ted Dibiase
31.3%
Chief Jay
28.1%
Terry Gordy
28.1%
Bill Irwin
28.1%
Dick Murdoch
25%
Arn Anderson
23.4%
Marcus Alexander Bagwell
23.4%
Johnny the Bull
23.4%
Bobby Jaggers
20.3%
Nikita Koloff
18.8%
Marice
17.2%
Stan Lane
15.6%
Jeremy
15.6%
Adrian Adonis
10.9%
Don Harris
0%

You're not logged in!

Compare scores with friends on all Sporcle quizzes.
OR
Log In

You Might Also Like...

Show Comments

Extras

Top Quizzes Today


Score Distribution

Your Account Isn't Verified!

In order to create a playlist on Sporcle, you need to verify the email address you used during registration. Go to your Sporcle Settings to finish the process.

Report this User

Report this user for behavior that violates our Community Guidelines.

Details: